| 000 | 01061cgm a2200313 4500 | ||
|---|---|---|---|
| 001 | M2087 | ||
| 008 | 090401t1996 xxu||||| |||| 00| 0 eng d | ||
| 035 | _a(Sirsi) u36393 | ||
| 041 | _aeng | ||
| 050 | _a346.4104343 | ||
| 100 | _aFogel, Steven | ||
| 245 | _aPrivity of contract : Landlord and Tenant (Covenants) Act 1995 (sound recording). | ||
| 260 |
_aLondon _bRICS _c1996 |
||
| 300 | _a1 sound cassette (60 min.) | ||
| 350 | _a11.06 | ||
| 490 | _aOwlion Audio Programme | ||
| 520 | _aAnalyses the regime for those engaged in investment, agency and management and considers its effects on these different areas of surveying practice. | ||
| 650 | _aAUDIO CASSETTES | ||
| 650 | _aLANDLORD AND TENANT (COVENANTS) ACT 1995 | ||
| 650 | _aPRIVITY OF CONTRACT | ||
| 690 | _aPROPERTY-LANDLORD AND TENANT | ||
| 700 | _aSlessenger, Emma | ||
| 700 | _aDale, Geoffrey | ||
| 700 | _aPreston, Duncan | ||
| 710 |
_aRoyal Institution of Chartered Surveyors _94900 |
||
| 710 |
_aCollege of Estate Management _9400 |
||
| 942 | _n0 | ||
| 948 | _c04/03/1997 | ||
| 999 |
_c85216 _d85216 |
||